Answers Contain "Boss" - Statistics

General Stats
  • This quiz has been taken 194 times
  • The average score is 6 of 12
Answer Stats
Hint Answer % Correct
Adjective: fond of giving people orders; domineering bossy
85%
Verb: to create a raised pattern on a material emboss
76%
Nickname of Bruce Springsteen The Boss
75%
German luxury fashion brand Hugo Boss
66%
2017 CGI comedy film produced by DreamWorks The Boss Baby
63%
Style of samba developed in 50s/60s Rio de Janeiro bossa nova
60%
1984–92 sitcom starring Tony Danza and Alyssa Milano Who's the Boss?
53%
Reality TV show with executives working entry-level jobs Undercover Boss
52%
2011 black comedy with Jason Bateman and Kevin Spacey Horrible Bosses
36%
2001 They Might Be Giants song (Malcolm in the Middle) Boss of Me
28%
2008 comedy hip hop song by the Lonely Island Like a Boss
11%
1985 debut solo album by Mick Jagger She's the Boss
7%
No matching quizzes found
Score Distribution
Percent of People with Each Score
Percentile by Number Answered
Your Score History
You have not taken this quiz